000 00776nab a22002417a 4500
001 11155
003 HDC
007 cr bn ---aaaaa
008 210128c99999999my ||||o |||| 00| 00may d
040 _aHDC
100 _aKhairunnisa Sulaiman,
_eauthor
_911392
245 0 _aPastikan barangan berkualiti /
_cKhairunnisa Sulaiman
336 _atext
_2rdacontent
337 _acomputer
_2rdamedia
338 _aonline resource
_2rdacarrier
650 _aHalal food industry
_9128
650 _aIslamic ethics
_9277
710 _aUtusan Online
856 _zRequest full-text at [email protected]
942 _2lcc
942 _cNEWS
942 _kNWSO 001502
999 _c8478
_d8478